000 00509nam a22001817a 4500
005 20251108175659.0
008 250721s2018 xx 000 0 ara d
082 1 4 _a816/كاف
100 1 _aكافكا، فرانز
_eمؤلف
245 1 0 _aرسائل الى ميلينا /
264 1 _aلبنان :
_bالرافدين،
_c2018.
300 _a324ص.
650 1 7 _aالادب المترجم
650 1 7 _aالرسائل
700 1 _aسعد، علي
_eمترجم
942 _2ddc
_cBK
999 _c139842
_d139842